Literature Speed-Picking Quiz Stats

 Plays Quiz Updated Sep 11, 2016

Challenge
Share
Tweet
Embed
Score 0/50 Timer 02:00
10 Plays Today
% Correct
A Christmas Carol
90.7%
Gandalf
85.4%
Weasley
84.3%
Snape
81.7%
Great Expectations
81.7%
Granger
80.9%
Frodo Baggins
80.8%
Dumbledore
79.4%
David Copperfield
78.9%
Aragorn
78.2%
Macbeth
77.3%
Legolas
77%
The Adventures of Huckleberry Finn
75.1%
The Adventures of Tom Sawyer
75%
Romeo
74.8%
The Lorax
74.7%
Samwise Gamgee
73.4%
Oliver Twist
72.6%
The Grinch
71.8%
Horton
71.5%
Henry VIII
71.1%
Sam-I-Am
71.1%
Cleopatra
66%
Longbottom
62.1%
The Pickwick Papers
60.8%
% Correct
Titus Andronicus
58%
Thing 2
58.1%
Katniss
51.4%
The Silence of the Lambs
50%
Peeta
49.4%
Schindler's List
49.1%
The Prince and the Pauper
47.8%
Gone with the Wind
47.6%
Prim
45%
Charlie and the Chocolate Factory
43.5%
Rue
43.1%
James and the Giant Peach
41.2%
Gale
40.8%
Forrest Gump
38.6%
Ben-Hur
38.6%
The BFG
38.2%
Fantastic Mr. Fox
38.1%
Edgar Allan Poe
34.6%
Emily Dickinson
33.6%
John Keats
32.9%
The Mysterious Stranger
32.7%
Robert Frost
32.3%
Walt Whitman
31.4%
Matilda
30.1%
A Horse's Tale
25.3%

You're not logged in!

Compare scores with friends on all Sporcle quizzes.
OR
Log In

You Might Also Like...

Show Comments

Extras

Top Quizzes Today


Score Distribution

Your Account Isn't Verified!

In order to create a playlist on Sporcle, you need to verify the email address you used during registration. Go to your Sporcle Settings to finish the process.

Report this User

Report this user for behavior that violates our Community Guidelines.

Details: